Loading...

'Good women do not inherit land' politics of land and gender in India

Bibliographic Details
Main Author: Rao, Nitya
Format: Printed Book
Published: New Delhi Orient Blackswan 2008
Subjects:
LEADER 00507nam a22001337a 4500
082 |a 305.420 954  |b RAO/G 
100 |a Rao, Nitya 
245 |a 'Good women do not inherit land'  |b politics of land and gender in India 
260 |a New Delhi  |b Orient Blackswan  |c 2008 
300 |a 356 
650 |a Gender, Poverty, Agrarian movement 
942 |c BK 
999 |c 148643  |d 148639 
952 |0 0  |1 0  |4 0  |6 305_420000000000000_954_RAO_G  |7 0  |9 147415  |a IUCSSER  |b IUCSSER  |c GEN  |d 2016-09-27  |l 0  |o 305.420 954 RAO/G  |p IUC00827  |r 2016-09-27  |w 2016-09-27  |y BK